00394nam a2200145Ia 4500008004100000040001900041041001200060082002400072100001900096245004700115260003000162300002000192650001800212850001800230131103s9999 xx 000 0 und d aLoreto College aEnglish a841/PEGbLIBC/18494 aPegue, Charles aOeuvres poetiques completescCharles Pegue aParisbBibliothequec1957 a1554p. c 18cm. aFrench poetry aLCLIB/841/PEG